000 00875cab a22002535a 4500
001 L159992
008 150113e2016 xxk 000 0 eng d
035 _a(Sirsi) u159992
041 0 _aeng
050 _a690.24 $2 18
100 1 _aParrett, Mike
245 0 0 _aDamp detective
_h[electronic resource]
260 _aLondon
_bRICS
_c2016
490 _aRICS Building Surveying Journal
_vOctober 2016 - November 2016, 28-29(2)
520 _aConsiders issues around damp diagnosis and the impact of retrofits.
650 2 4 _aDAMP
650 2 4 _aDAMP PROOF MEMBRANES
650 2 4 _aDAMP TREATMENT
650 2 4 _aRETROFITTING
690 _aConservation and restoration
690 _aBUILT ENVIRONMENT-BUILDING PATHOLOGY
856 4 0 _uhttps://www.rics.org/Global/BSJ-BCJ%20Oct%20Nov%202016%20Interactive.pdf
_zView the article free of charge at www.rics.org...
942 _n0
999 _c85109
_d85109